Historia argentina contemporánea

Guardat en:
Dades bibliogràfiques
Autors principals: Friedman, Germán (Autor), Galiana, Sergio (Autor), López, Guadalupe (Autor), Persello, Ana Virginia (Autor), Piglia, Melina (Autor), Ternavasio, Marcela (Autor), Touris, Claudia F (Autor)
Format: Llibre
Idioma:espanyol
Publicat: Buenos Aires, Argentina Puerto de Palos 2010
Col·lecció:Polimodal
Matèries:
Etiquetes: Afegir etiqueta
Sense etiquetes, Sigues el primer a etiquetar aquest registre!

MARC

LEADER 00000cam a2200000 a 4500
001 UCF0029
003 CL-VaPUC
005 20231109073947.0
008 120420e20100000AG |||||||||||||||||spa|d
999 |c 347535  |d 347533 
020 |a 9789875470309 
040 |c Pontificia Universidad Católica de Valparaíso 
082 0 4 |a 982.0712 FRI 2010  |2 21 
100 0 |a Friedman, Germán  |e author  |9 561818 
245 1 0 |a Historia argentina contemporánea 
260 |a Buenos Aires, Argentina  |b Puerto de Palos  |c 2010 
300 |a 352 páginas 
490 0 |a Polimodal 
500 |a Se incluye al reverso carpeta de aplicación con material complementario 
583 |a last modification  |c 20120903 04:26:01  |k Rodrigo Vera 
650 0 |a Historia de Argentina  |9 319851 
650 7 |a EPOCA CONTEMPORANEA  |2 CL-VaPUC  |9 392007  |z ARGENTINA 
650 0 |a Libros de texto  |9 270019 
700 0 |a Galiana, Sergio  |e author  |9 561819 
700 0 |a López, Guadalupe  |e author  |9 561820 
700 0 |a Persello, Ana Virginia  |e author  |9 561821 
700 0 |a Piglia, Melina  |e author  |9 561822 
700 0 |a Ternavasio, Marcela  |e author  |9 561823 
700 0 |a Touris, Claudia F  |e author  |9 561824 
942 |c BK  |2 ddc 
945 |d 20120420 00:00:00  |a dcastane 
952 |0 0  |1 0  |2 ddc  |4 0  |6 982_071200000000000_FRI_2010  |7 0  |8 A  |9 448944  |a BIBHIS  |b BIBHIS  |d 2019-11-22  |i 4855523  |l 1  |o 982.0712 FRI 2010  |p 4855523  |r 2025-01-20  |s 2022-06-15  |t 1  |w 2019-11-22  |y BK  |k HIS